| 000 | 00627nam a2200229Ia 4500 | ||
|---|---|---|---|
| 008 | 180620s9999 xx 000 0 und d | ||
| 020 | _a978-0-7643-3510-5 | ||
| 050 | _aREF TX 740.5 | ||
| 050 | _b.N48 2010 | ||
| 100 | _aNeumayer, Angkana | ||
| 245 | 0 | _aTable decorations with fruits and vegetables / | |
| 245 | 0 | _cAngkana Neumayer & Alex Neumayer. | |
| 260 | _aAtglen, PA : | ||
| 260 | _bSchiffer Publishing, | ||
| 260 | _c2010 | ||
| 300 | _a128 pages : | ||
| 300 | _bcolored illustrations ; | ||
| 300 | _c29 cm. | ||
| 650 | _aGarnishes (Cooking). | ||
| 650 | _aVegetable carving. | ||
| 650 | _xFruit carving. | ||
| 999 |
_c358052 _d358052 |
||